000 01025nam a2200205 a 4500
001 56758
005 20180714052656.0
008 140415s2008 mx 000 0 spa d
020 _a9786074260007
041 _aspa
082 _a345.72
_bMEN
100 1 _aMENDEZ PAZ, LENIN
245 1 0 _aDERECHO PENITENCIARIO
250 _a1a ed.
260 _aMEXICO :
_bOXFORD UNIVERSITY PRESS,
_c2008
300 _a479
_c17 x 1.7 x 23
520 _aEN DIFERENTES CENTRO PENITENCIARIOS DE LA REPUBLICA MEXICANA HAN SURGIDO BROTES DE VIOLENCIA QUE DEJAN AL DESCUBIERTO INCIONSISTENCIAS EN LA EJECUCION DE LA PENA DE PRISION, ANTE ELLO, SURGE LA DENUNCIA Y EL GRITO SOCIAL DE CATALOGAR ESTOS LUGARES COMO AUTENTICAS UNIVERSIDADES DEL CRIMEN, SUMANDO UNA CRECIENTE DESCONFIANZA DE LA SOCIEDAD EN SU CONJUNTOS HACIA LAS AUTORIDADES Y SUS PROCEDIMIENTOS. POR ELLO DEBEMOS CONTRARRESTAR ESTOS EMBATES DE DESCOMPOSICION SOCIAL CON MEDIDAS INTEGRAL
650 1 4 _aDERECHO PENAL
700 1 _aDíaz Aranda, Enrique,
_epról.
999 _c56758
_d56758